Trend Top v motorizme

Automobilizmus v SR a vo svete. Predaj automobilov. Ženevský autosalón 2001. Rebríčky spoľahlivosti. Automobily roka. Trend testy. Lízing. Podnikanie s automobilmi. Palivá. Poistenie. Cenník.

Salvato in:
Dettagli Bibliografici
Natura: Capitolo di libro
Lingua:slovacco
Soggetti:
Tags: Aggiungi Tag
Nessun Tag, puoi essere il primo ad aggiungerne!!

MARC

LEADER 00000naa a2200000 4500
001 r041139
005 20230921111018.6
041 0 |a slo 
044 |a SK 
245 1 0 |a Trend Top v motorizme 
520 |a Automobilizmus v SR a vo svete. Predaj automobilov. Ženevský autosalón 2001. Rebríčky spoľahlivosti. Automobily roka. Trend testy. Lízing. Podnikanie s automobilmi. Palivá. Poistenie. Cenník. 
610 2 0 |a automobilizmus 
610 2 0 |a automobily 
610 2 0 |a predaj 
610 2 0 |a spoľahlivosť výrobkov 
610 2 0 |a testy 
610 2 0 |a lízing 
610 2 0 |a podnikanie 
610 2 0 |a palivá 
610 2 0 |a poistenie zákonné 
610 2 0 |a poistenie havarijné 
610 2 0 |a ceny 
610 2 0 |a Slovensko 
610 2 0 |a svet